Statistics for Mirror Words

Click here to take the quiz!

General Stats

  • This quiz has been taken 986 times
  • The average score is 19 of 28

Answer Stats

Forwards Backwards Answer % Correct
DeityPuppyGod
96%
Dog
96%
UncookedLarge-scale fightRaw
93%
War
92%
SurviveImmoralLive
84%
IntelligentTrolley CarsSmart
83%
Evil
83%
Trams
82%
Slap
81%
FriendsStrike on the cheekPals
80%
Baby's underwearGave money backDiaper
79%
Repaid
77%
RodentsHoroscopeRats
76%
Star
75%
CosyFirearmsSnug
74%
Guns
74%
Stink
64%
Threads woolSmell badKnits
63%
KinglyType of beerRegal
58%
Lager
58%
StudentsMistakePupils
48%
Slipup
46%
Storage compartmentPrizeDrawer
41%
Reward
40%
Warts
31%
Stalk of grainSmall skin growthsStraw
30%
PuddingsAnxiousDesserts
28%
Stressed
28%

Score Distribution

Percentile by Number Answered

Percent of People with Each Score

Your Score History

You have not taken this quiz